Lilo & Stitch Experiment By Image (000-099) - Statistics

General Stats
  • This quiz has been taken 156 times
  • The average score is 15 of 26
Answer Stats
Picture Hint Answer % Correct
Experiment 007 Gigi
92%
Experiment 062 Frenchfry
84%
Experiment 032 Fibber
82%
Experiment 010 Felix
75%
Experiment 033 Hammerface
75%
Experiment 025 Topper
74%
Experiment 029 Checkers
72%
Experiment 001 Shrink
72%
Experiment 020 Slick
72%
Experiment 002 Doubledip
69%
Experiment 089 Skip
64%
Experiment 014 Kernel
61%
Experiment 054 Fudgy
59%
Experiment 009 Pop
59%
Experiment 040 Backhoe
57%
Experiment 000 Cyber
56%
Experiment 031 Gotchu
52%
Experiment 044 Forehead
49%
Experiment 036 Poki
49%
Experiment 022 Hertz Donut
46%
Experiment 051 Hocker
44%
Experiment 086 Clink
39%
Experiment 077 Zawp
34%
Experiment 052 Coco
28%
Experiment 074 Welco
23%
Experiment 047 Lorider
20%
No matching quizzes found
Score Distribution
Percent of People with Each Score
Percentile by Number Answered
Your Score History
You have not taken this quiz